| 000 | 05964nam a2200481 a 4500 | ||
|---|---|---|---|
| 001 | dia_6144 | ||
| 003 | CHAP | ||
| 005 | 20250619175354.0 | ||
| 007 | ta | ||
| 008 | 220117s2006 mx ad frm 001 0 spa d | ||
| 010 | _a177329 | ||
| 040 |
_cCHAP _amxchpua |
||
| 041 | 0 |
_aspa _beng |
|
| 090 |
_aTesis _bA78 _c2006 |
||
| 100 | 1 | _aArteaga González, Alma Elizabeth | |
| 240 | 1 | 0 |
_aTechnical-economic study of feasibility for the establishment of a xoconostle (Opuntia joconostle) processing plan in the municipality of nopaltepec , state of Mexico. _lEspañol |
| 245 | 1 | 0 |
_aEstudio de factibilidad técnico-económico para el establecimiento de una planta procesadora de xoconostle (Opuntia joconostle) en el municipio de Nopaltepec, estado de México / _cAlma Elizabeth Arteaga González y Yadira González Rojas |
| 264 |
_aChapingo, México : _bEl Autor, _c2006 |
||
| 300 |
_axii, 127 hojas : _bilustraciones, tablas, gráficas |
||
| 336 |
_2rdacontent _atexto _btxt |
||
| 337 |
_2rdamedia _ano mediado _bn |
||
| 338 |
_2rdacarrier _avolumen _bnc |
||
| 502 |
_aFormulación o Evaluación de Proyectos _b(Ingeniero Agroindustrial) -- _cUACh. Departamento de Ingeniería Agroindustrial, _d2006 |
||
| 504 | _aBibliografía: hojas 97-99 | ||
| 505 | 0 | _a1 Plano : -- 1. Plano de distribución de áreas (Esc. 1:55) | |
| 520 | 3 | _aEl azúcar en combinación con la fruta tiene un efecto preservador, y fue en el siglo XVI, cuando apareció en sustitución de la miel, permitiendo una conservación a mayor escala. Para efectos de este proyecto, mermelada es "un producto semisólido elaborado a partir de 45 partes de fruta por 55 partes de azúcar, al que se le adicionan 1.5% (del peso total de la fruta) de pectina y 0.1% de benzoato de sodio, y se le modifica o mantiene el pH en 2.7-3.6. La elaboración de mermeladas, se enumera en: recepción, selección, pesado, lavado, pelado, deshuesado, troceado, molido, concentración, llenado de envases, exhausto, ajustado de envases, enfriado, etiquetado, empaque y almacén. El xoconostle, variedad del nopal, posee un elevado contenido de ácido ascórbico, así como de fibra, cuya principal función es reducir el colesterol, evacuación del estómago, y la reducción de peso corporal; presenta vida de anaquel muy prolongada con bajos porcentajes de pudrición, que se debe a su bajo pH, 3.7 a 4.5. Se vende en fresco, en mercados locales, regionales y centrales de abastos. Las mermeladas cuentan con un mercado fluctuante, por existir varias industrias dedicadas a su elaboración, bajo normas de calidad establecidas. Comercial Mexicana, Gigante y Aurrera, son las principales tiendas de autoservicio, que se estudiaron como posibles compradores, por estar diseminadas en los estados de la republica, y tienen gran influencia de venta de alimentos. La empresa se constituirá como Sociedad Cooperativa, integrada por personas físicas con base en intereses comunes. La localización del proyecto es en Nopaltepec, Estado de México; cuyas actividades económicas son agropecuaria y microindustria. La TIR y la VAN para el proyecto fueron calculadas en cero y negativas, encontrando que debe aumentarse la cantidad de materia prima, para que estas sean aceptables y el proyecto sea viable. | |
| 520 | 3 | _aThe sugar in combination with the fruit has a preserver effect, and it was in the XVI century, when it appeared in substitution of the honey, allowing a conservation to a larger scale. For effects of this project, marmalade is "a semi-solid_ product elaborated from 45 parts of fruit by 55 parts of sugar, to which are added 1.5% (of the total weight of the fruit) of pectin and 0.1% of benzoate of sodium, and it is modified or it maintains the pH in 2.7-3.6". The elaboration of marmalades, is enumerated in: reception, selection, weighing, washing, peeling, pitting, slicing, milling, concentration, filling of containers, exhauster, adjusting of containers, cooling, labeling, packing and storage. The xoconostle, variety of the nopal, possesses a high content of ascorbic acid, as well as of fiber whose main function is to reduce the cholesterol, evacuation of the stomach, and the reduction of corporal weight; it presents very lingering shelf life with low percentages of deterioration, due it's low pH, 3.7 at 4.5. It is sold in fresh, in local, regional and central markets of supplies. The marmalades have a fluctuating market, because of the existence of several industries dedicated to their elaboration, under established norms of quality. Commercial Mexicana, Gigante and Aurrera, they are the main self-service stores that were studied as possible buyers, because of their large franchising in the states of the republic, and they have great influence of food sales. The company will be constituted as Cooperative Society, integrated by physical people with base in common interests. The localization of the project is in Nopaltepec, State of Mexico; whose economic activities are agricultural and micro industry. The TIR and the VAN for the project were calculated in zero and negative, finding that the quantity of matter should increase, so that these can be acceptable and the project viable. | |
| 650 | 1 | 3 |
_aIniciativa empresarial _zMéxico _zEstado de México _2atg |
| 650 | 1 | 3 |
_aOpuntia _xMermeladas _2atg |
| 650 | 1 | 3 |
_aOpuntia _xIndustria y comercio _2atg |
| 650 | 1 | 3 |
_aEntrepreneurship _zMexico _zEstado de Mexico _2atg |
| 650 | 1 | 3 |
_aOpuntia _xIndustry and trade _2atg |
| 650 | 1 | 3 |
_aOpuntia _xJams _2atg |
| 700 | 1 |
_aGonzález Rojas, Yadira _eautora |
|
| 700 | 1 |
_aGarcía Chávez, Luis Ramiro _edirector |
|
| 700 | 1 |
_aCorrales García, José Joel Enrique _easesor |
|
| 700 | 1 |
_aSuárez Espinosa, Carlos _easesor |
|
| 856 | 4 | 2 |
_uhttp://10.13.5.2/tesis/104267.pdf _yDESCARGAR PDF |
| 901 | _aTESIS A78 2006 | ||
| 902 | _aM | ||
| 905 | _a5232272006 mx enm 8223123322spa16 | ||
| 942 |
_cTesis _2Clasificación Universidad Autónoma Chapingo |
||
| 999 |
_c177329 _d177329 |
||